000 00618nam a2200217Ia 4500
005 20250326143909.0
008 250326s9999 xx 000 0 und d
020 _a0-521-83316-7
037 _aTextbook
040 _aFMSL
_beng
_cFMSL
041 _aeng
_2eng
084 _aX:5.73 P5
_qFMSL
100 _aBlair R D
_9748689
245 0 _aIntellectural property : economic and legal dimensions of rights and remedies
_cBlair R D; Cotter T F
260 _aNY
_bNY, Cambridge
_c2005
300 _a304p
365 _b995
650 _aEconomics
942 _cTB
_hX:5.73 P5
999 _c1301528
_d1301528